000 00647nam a2200205 i 4500
001 63089
003 ES-MaACL
005 20250702063045.0
007 t|
008 031128s1956 sp ||||1| spa d
100 1 _aFernández de la Reguera, Ricardo,
_d1916-2000
_949675
245 1 0 _aPerdimos el paraiso /
_cRicardo Fernández de la Reguera.
250 _a[2ª ed.].
260 _aBarcelona :
_bPlaneta,
_c[1956] (
_fHorta)
300 _a252 p. ;
_c19 cm.
490 1 _aAutores españoles contemporáneos
830 0 _aAutores españoles contemporáneos
_9180811
852 _aES-MaACL
_jC-11591
_bR.38476
999 _c63089
_d63089